[Event "CAN-ch Highschool"]
[Site "Moncton"]
[Date "1977.??.??"]
[Round "7"]
[White "Barbeau, Sylvain"]
[Black "Cosman, Billy"]
[Result "1-0"]
[WhiteElo "1875"]
[BlackElo "1491"]
[PlyCount "45"]
[EventDate "1977.??.??"]
[EventType "tourn"]
[EventRounds "6"]
[EventCountry "CAN"]
[SourceTitle "EXT 2022"]
[Source "ChessBase"]
[SourceDate "2021.10.06"]
[SourceVersion "1"]
[SourceVersionDate "2021.10.06"]
[SourceQuality "1"]

1. Nf3 d5 2. e3 Nf6 3. b3 Bg4 4. Bb2 Nc6 5. Bb5 e6 6. h3 Bh5 7. 0-0 Bd6 8. c4 a6 9. Bxc6+ bxc6 10. d3 e5 11. Nbd2 0-0 12. Qc2 Re8 13. c5 e4 14. dxe4 Bxf3 15. Nxf3 dxe4 16. Nd4 Bf8 17. Rac1 Qd5 18. Rfd1 Nd7 19. Nb5 Qxc5 20. Nxc7 Qxc2 21. Rxc2 Nc5 22. Nxa8 Rxa8 23. Ba3 1-0

[Event "CAN-ch Highschool"]
[Site "Moncton"]
[Date "1977.??.??"]
[Round "2"]
[White "Cosman, Billy"]
[Black "Pajak, John T"]
[Result "0-1"]
[WhiteElo "1491"]
[BlackElo "1865"]
[PlyCount "66"]
[EventDate "1977.??.??"]
[EventType "tourn"]
[EventRounds "6"]
[EventCountry "CAN"]
[SourceTitle "EXT 2022"]
[Source "ChessBase"]
[SourceDate "2021.10.06"]
[SourceVersion "1"]
[SourceVersionDate "2021.10.06"]
[SourceQuality "1"]

1. c4 Nf6 2. Nc3 e5 3. d3 Nc6 4. g3 d5 5. cxd5 Nxd5 6. Bg2 Be6 7. a3 Qd7 8. Bd2 f6 9. Ne4 h5 10. h4 0-0-0 11. b4 Nd4 12. Nf3 Nxf3+ 13. Bxf3 Be7 14. Nc3 Nxc3 15. Bxc3 Bd5 16. Bxd5 Qxd5 17. f3 g5 18. Qa4 Kb8 19. b5 g4 20. Rf1 Rhg8 21. Bb4 Qd4 22. Rb1 gxf3 23. Rxf3 Qg1+ 24. Kd2 Qxb1 25. Bxe7 Rd4 26. Qc2 Qxb5 27. Rxf6 Rd7 28. Bb4 e4 29. Qb3 Rgd8 30. a4 Qe5 31. Re6 Qf5 32. d4 Rxd4+ 33. Kc2 Rxb4 0-1

[Event "CAN-ch Highschool"]
[Site "Moncton"]
[Date "1977.??.??"]
[Round "3"]
[White "Giovannetti, Mark J"]
[Black "Cosman, Billy"]
[Result "1-0"]
[WhiteElo "2005"]
[BlackElo "1491"]
[PlyCount "63"]
[EventDate "1977.??.??"]
[EventType "tourn"]
[EventRounds "6"]
[EventCountry "CAN"]
[SourceTitle "EXT 2022"]
[Source "ChessBase"]
[SourceDate "2021.10.06"]
[SourceVersion "1"]
[SourceVersionDate "2021.10.06"]
[SourceQuality "1"]

1. Nf3 d5 2. g3 c5 3. c4 d4 4. e3 Nc6 5. exd4 cxd4 6. d3 Bf5 7. Bg2 e6 8. 0-0 Nf6 9. a3 Be7 10. b4 a6 11. Bb2 Ng4 12. Qe2 Bf6 13. Nfd2 Nge5 14. Ne4 Be7 15. h3 h5 16. f4 Nd7 17. Nbd2 Nb6 18. Rac1 g5 19. fxg5 Bxg5 20. Kh1 Be3 21. Rce1 Ke7 22. Bc1 Qc7 23. c5 Nd5 24. Nd6 Bg6 25. Bxd5 exd5 26. Nb3 Kd7 27. Bxe3 dxe3 28. Qxe3 Raf8 29. d4 Kd8 30. Qg5+ Kd7 31. Nd2 Nxd4 32. Re7+ 1-0